| 000 | 00704nam a22001817a 4500 | ||
|---|---|---|---|
| 999 |
_c90 _d90 |
||
| 003 | OSt | ||
| 005 | 20211222113033.0 | ||
| 008 | 160524s2016 sp |||||o|||||||||| spa|d | ||
| 040 |
_bcat _cCDMR |
||
| 110 | 2 |
_91923 _aReportiers Sans Frontières |
|
| 245 | 1 | 0 |
_aManual de seguridad para periodistas _b: guía práctica para reporteros en zonas de riesgo _cReportiers Sans Frontières _h[recurs electrònic] |
| 260 |
_aParis _c[2015] _bUnesco |
||
| 300 | _a1 recurs electrònic (134 p.) | ||
| 650 | 0 | 4 |
_92560 _aCorresponsals de guerra |
| 650 | 0 | 4 |
_94235 _aGuerra _xCobertura periodística |
| 856 | 0 | 0 |
_uhttps://omeka.periodistes.cat/items/show/339 _yDisponible en línia (pdf) _z(Accés lliure) |
| 942 |
_cRECURS_WEB _2udc |
||